| 000 | 00540nam a22001577a 4500 | ||
|---|---|---|---|
| 005 | 20120303131833.0 | ||
| 020 | _c00.00 | ||
| 035 | _aB-11541 | ||
| 037 |
_aDPL _bENG |
||
| 100 |
_aMehta, Vinod _943377 |
||
| 245 |
_a25 years of selected writings : _bMr. Editor, how close are you to the PM / _cby Vinod Mehta |
||
| 260 |
_aDelhi _bKonark Publishers Pvt. Ltd. _c1999 |
||
| 300 |
_axxvi, 239p. _c20 cms. |
||
| 942 |
_2ddc _cEN _h080 _mMEH |
||
| 999 |
_c63720 _d63720 |
||